| 000 | 00391nam a2200145Ia 4500 | ||
|---|---|---|---|
| 008 | 220217s9999||||xx |||||||||||||| ||und|| | ||
| 020 | _a9350063816 | ||
| 082 | _a530 GUP | ||
| 100 |
_aGupta, S.L, Kumar, V and Shgarma, H.V _98072 |
||
| 245 | 0 | _aClassical mechanics | |
| 250 | _a25th | ||
| 260 |
_aPragathi Prakashana _bMeerut _c2011 |
||
| 300 |
_aXI, 400p. _b800 |
||
| 650 | _aPHYSICS | ||
| 999 |
_c182616 _d182616 |
||